00664nam a22002057a 450000500170000001000150001702000260003203500140005803700130007208200130008510000190009824500800011726000410019727001180023830000220035650000190037870000190039770000180041670000240043420191210113936.0 aENG-127043 c989.00a9789389342673 aEN-110575 bDBAD/PUB a54729th aWade, Leroy G. aOrganic chemistry /cby Leroy G. Wade, Jan W.Simek [and] Maya Shankar Singh aNoidabPearson India Educationc2020 a15th Floor, Tower-B, World Trade Tower, Plot No.1, Block-C, Sector 16bNoida, Uttar Pradeshe201301k044-66540100 a1572p.c27cm(pbk) aIncludes index aWade, Leroy G. aSimek, Jan W. aSingh, Maya Shankar